000 004970000a22001810004500
020 _a0-88344-757-6
041 0 _aENG
082 0 4 _aG 260.85 G4119w
100 1 _aGheddo, Piero (1929-)
245 1 0 _aWhy is the third world poor? / Piero Gheddo ; Kathryn Sullivan, Traductor
260 _aMaryknoll, N.Y., USA : Orbis
300 _aXV, 143 Pag
001 6731
942 _cBK
999 _c36997
_d36997
336 _atexto
_btxt
_2rdacontent
337 _2rdamedia
_asin mediación
_bn
338 _2rdacarrier
_avolumen
_bnc